[Event "Dos Hermanas-A"]
[Site "Dos Hermanas"]
[Date "2003.04.03"]
[Round "7"]
[White "Vallejo Pons, Francisco"]
[Black "Khalifman, Alexander"]
[Result "1/2-1/2"]
[WhiteElo "2629"]
[BlackElo "2702"]
[Annotator "Meulders,R"]
[PlyCount "63"]
[EventDate "2003.03.28"]
[EventType "tourn"]
[EventRounds "9"]
[EventCountry "ESP"]
[EventCategory "16"]
[SourceTitle "CBM 095"]
[Source "ChessBase"]
[SourceDate "2003.07.25"]
[SourceVersion "1"]
[SourceVersionDate "2003.07.25"]
[SourceQuality "1"]

1. c4 Nf6 2. Nc3 e5 3. e3 d6 4. d4 Nbd7 5. g4 $5 {Sehr ungebräuchlich statt
Nf3, Bd3 oder g3} (5. Nf3 c6 (5... g6 6. Be2 Bg7 7. b3 O-O 8. Bb2 Re8 9. h3
exd4 10. Nxd4 Nc5 11. O-O a5 12. Qc2 c6 13. Bf3 Qb6 14. Rab1 Nfd7 15. Rfd1 Ne5
16. Be2 f5 17. Ba1 $14 {aber 0-1 Svetushkin,D-Hickl,J/Halkidiki 2002/CBM 89
ext (61)}) 6. Be2 Be7 7. O-O O-O 8. Rb1 e4 9. Nd2 d5 10. b4 Re8 11. b5 c5 12.
cxd5 cxd4 13. exd4 Bd6 14. Nc4 Nb6 15. Nxd6 (15. Nxb6 $1 $14) 15... Qxd6 16.
Qb3 Nfxd5 17. Ba3 Qd8 $15 {0-1 Kallai,G-Hodgson,J/FRA 1999/EXT 2000 (34)}) 5...
g6 (5... h6 6. h4 Be7 7. Nh3 Nb6 8. g5 hxg5 9. hxg5 Nh7 (9... Nh5 10. Nf4 $1
$16) 10. f4 Bf5 11. Bd3 Bxd3 (11... Qd7 12. Bxf5 Qxf5 13. e4 $14) 12. Qxd3 Nf8
13. dxe5 dxe5 14. Qe4 {mit gleichen Chancen.}) 6. h3 {Wie z.B. in der alten
Fischer-Variante gegen dem sizilianischen Najdorf, sichert Weiß den frechen
Pg4 und setzt die Entwicklung fort.} Bg7 7. Bg2 O-O 8. Nge2 c6 9. O-O {[%csl
Rc8] Das ungebrauchliche 5.g4 hat Weiss nichts eingebracht. Sein Königsflügel
ist geschwächt und Schwarz hat nur das übliche kleine Problem: die Entwicklung
des Bc8.} h6 $6 {Prophylaktisch gegen Ng3 und g5 aber m.E. war es nicht nötig
für Schwarz seine Bauernstruktur am Königsflügel zu schwächen. Ausserdem
verschenkt der Textzug ein Tempo. Ich glaube besser war das aktive} (9... Nb6
10. b3 exd4 11. exd4 Re8 12. Bb2 d5 $11) 10. Ng3 Re8 11. a4 {[%csl Rc6][%cal
Ga4a6,Ga6b7,Gg2c6]} a5 (11... Nb6 12. b3 Be6 13. a5 exd4 14. exd4 Nbd7 15. a6 {
mit klarem Vorteil für Weiss.}) 12. b3 exd4 13. exd4 d5 $6 {Jetzt zögert
Schwarz nicht mehr, wie am 9. Zug. Das Bauernopfer ist aktiv aber auch
natürlich riskant. Weiß will es sich zeigen lassen und nimmt alles was er
geschenkt bekommt.} (13... Nf8 {[%csl Rc8,Rf8]}) (13... Nb6 14. Bf4 Be6 15. Qd2
g5 16. Be3 {/\f4+=}) 14. cxd5 Nxd5 15. Nxd5 cxd5 16. Bxd5 Nf8 $2 {Wieder zu
passiv. Jetzt kommt Weiss sehr gut.} (16... Nb6 17. Bg2 Qxd4 18. Rb1 $14 {
[%csl Rb6]}) 17. Qf3 {[%csl Rf7][%cal Gf3f7,Gd5f7,Gd5b7] Die Lage sieht schon
kritisch aus für Schwarz.} Be6 {Va banque. Schwarz kann nur noch im trüben
fischen.} (17... Ne6 18. Be3 Rb8 19. Rac1 $16 {[%csl Rc8]}) 18. Bxb7 Rb8 19.
Bf4 Rxb7 {Das berühmte russische Qualitätsopfer aus den Not geboren.} 20. Qxb7
$18 {'Nut noch eine Sache der Technik' ist der übliche Kommentar hier, aber
Weiß hatte vermutlich schon viel Zeit verbraucht.} Bd5 21. Qb5 Ne6 22. Be3 Qa8
23. Rab1 Bc6 24. Qc4 Bg2 25. Rfd1 Bd5 $1 {Schwarz verkehrt in einer
schwierigen Lage, aber macht ab jetzt keine Fehler mehr und wehrt sich wie ein
Teufel.} (25... Bxh3 26. d5 Rc8 27. Qe2 Nc7 28. Qf3 f5 29. Nxf5 {und Weiß
steht auf Gewinn.}) 26. Qd3 Qd8 $1 {[%csl Rg2][%cal Gd8h4,Gh4h3,Gh3g2]} 27. Qb5
Nc7 28. Qxa5 Qf6 29. Nf5 $1 (29. Qxc7 $5 Qf3 30. Kf1 Rxe3 31. Qd8+ Kh7 32. Qxd5
Qxd5 33. fxe3 Qf3+ 34. Ke1 Qxg3+ 35. Kd2 {ist eine interessante Stellung mit
verschiedenen Materialverhältnissen, in der Weiß besser stehen dürfte aber das
Scheinopfer der Textzug ist viel besser.}) 29... gxf5 30. Qxc7 Qh4 31. Qd7 $4 {
Schade. Weiß hätte sofort den K helfen müssen (es drohte Be5 und nach dxe5
kann die Dame nicht mehr nach h2 nach ....Qxh3)} (31. Qh2 fxg4 32. Re1 gxh3 33.
Qf4 Qh5 34. Kh2 Bxb3 35. Rxb3 Qd5 36. Rg1 Qxb3 37. Qxh6 {und Weiss gewinnt.})
31... Rd8 32. Qc7 (32. Qc7 Re8 33. Qh2 $1 {mit Übergang in der oben erwähnte
Variante)}) 1/2-1/2

[Event "St Petersburg-Paris NAO"]
[Site "Internet"]
[Date "2003.05.28"]
[Round "1.1"]
[White "Khalifman, Alexander"]
[Black "Kramnik, Vladimir"]
[Result "1/2-1/2"]
[WhiteElo "2702"]
[BlackElo "2789"]
[Annotator "Golod,V"]
[PlyCount "71"]
[EventDate "2003.05.28"]
[EventType "team"]
[EventRounds "1"]
[EventCountry "RUS"]
[SourceTitle "CBM 096"]
[Source "ChessBase"]
[SourceDate "2003.09.25"]
[SourceVersion "1"]
[SourceVersionDate "2003.09.25"]
[SourceQuality "1"]
[WhiteTeam "St Petersburg"]
[BlackTeam "Paris NAO"]
[WhiteTeamCountry "RUS"]
[BlackTeamCountry "FRA"]

1. d4 Nf6 2. c4 e6 3. Nc3 Bb4 4. Qc2 O-O 5. a3 Bxc3+ 6. Qxc3 b6 7. Bg5 Bb7 8.
f3 h6 9. Bh4 d5 10. e3 Re8 (10... Nbd7 $5 {It's main line.}) 11. Nh3 $5 {
Comments to this part of the game(11-20 moves) you can find in annotations to:
Kramnik,V-Tiviakov,S/Las Vegas,1999/CBM 72 (1-0)(Golod,V)(42)} Nbd7 12. cxd5
exd5 13. Be2 c5 14. O-O Qe7 15. Bf2 c4 16. b3 b5 17. bxc4 bxc4 18. Bd1 Bc6 19.
Bc2 Nb6 20. Qa5 $1 $146 {[%mdl 8] White prevents the progress "a5".} ({The
games,which have reached this position were continued as follows:} 20. a4 $5
Qd7 $6 {[%csl Ra4]} ({Can be recommended:} 20... a5 $5) (20... g5 $6 {[%cal
Gc6d7,Gd7h3] (weakness /^e5-h8; Kg8)} 21. Kh1 $5 $14 {[%csl Yg1][%cal Yh3g1]
You can see comments to Golod,V-Shariyazdanov,A/Neum,2000/CBM 79(1-0)(Golod,V)
(33)}) 21. a5 Nc8 $8 (21... Na4 $4 {is refuted by:} 22. Qa3 $18 {[%csl Ra4]})
22. Bh4 $1 {/\Nf2} Nh7 23. Nf2 $14 {See comments to Kramnik,V-Tiviakov,S/Las
Vegas,1999/CBM 72(1-0)(Golod,V)(42)}) 20... Qd7 {[%cal Gc6a4]} 21. a4 $14 {
This move is directed against Ba4.} Nc8 {Black don't have any clear plan,they
wait and prepare for active actions on the part of White.} 22. Nf4 {It is
necessary to improve an location of the knight.} Nd6 23. Ne2 Reb8 24. Rfb1 {
<->b} Rxb1+ {Black had no other worthy alternative:} (24... Qe7 25. Nc3 $5 {
and absolutely not clearly,what to do further?}) 25. Rxb1 Nb7 ({Hardly is
better:} 25... Qe7 26. Nc3 Re8 27. Nd1 {[%csl Yd1][%cal Gf2g3,Yd1e3]}) 26. Qd2
{[%csl Rb7][%cal Ye2c3]} Qe7 ({Pretty dubiously:} 26... a5 $6 {[%csl Rb4][%cal
Yf6e8,Ye8c7,Yc7a6,Ya6b4] in view of:} 27. Nc3 {[%cal Ge3e4]} Nd6 $140 28. e4 $1
dxe4 29. d5 $16) 27. Qb4 {For White it is certainly favourable to exchange QQ.}
Nd6 (27... Qxb4 $143 28. Rxb4 {/\Nc3 and e4}) 28. Nc3 {It's ideal "parking"
for White's knight.} Re8 29. Re1 {[%csl Yb4,Yc2,Yc3,Ye1,Yf2][%cal Ge3e4] All
White's pieces are located ideally.} Qd8 {The rather doubtful decision,but is
very difficult to give good advice.} 30. Bh4 ({It was a much better:} 30. Qc5
$1 {[%csl Ra7,Gc5,Rc6]} Qd7 $140 {[%cal Yd7a7,Yd7d6]} 31. Bh4 {[%csl Rd5,Yf6]
[%cal Gh4f6]} g5 32. Bg3 Re6 33. Be5 $16) 30... Nb7 31. Bg3 ({A little
prematurely:} 31. e4 $6 dxe4 {[%csl Rd4]} (31... a5 $143 32. Qb2 g5 (32... dxe4
$2 {is refuted by:} 33. d5 $1 Bxd5 34. Rd1 {[%csl Rb7,Rd5,Yf6][%cal Gh4f6,
Gc3d5]}) 33. Bf2 $16) 32. Qxc4 Na5 33. Qc5 exf3 34. Rxe8+ Bxe8 35. gxf3 $14)
31... Nh5 32. Bf2 {[%cal Ge3e4]} a5 {In my opinion,this move is better,than:} (
32... Nf6 $6 33. e4 $1 a5 (33... dxe4 $2 34. fxe4 {[%csl Rc4,Gd4,Ge4]}) 34. Qb2
dxe4 35. Bxe4 {+/=/+/-}) 33. Qa3 (33. Qb2 $143 {[%csl Rd4][%cal Yb2d4]} Nd6 34.
e4 $140 Nf4 $14) 33... Nf6 34. Bg3 (34. e4 $6 dxe4 35. Bxe4 (35. fxe4 $2 Ng4
36. d5 Nxf2 37. Kxf2 (37. dxc6 $4 Qb6 {[%csl Gb6,Gf2,Rg1][%cal Gf2h3]} 38. Kf1
Ng4 $19) 37... Qh4+ {[%csl Re1]} 38. Kf1 Bd7 $15) 35... Nd5 $14) ({In this
position I would accept the following decision:} 34. h3 $5 {[%csl Rg4,Yh3]
[%cal Yh3g4,Ge3e4] +/=/+/-}) 34... Nh5 35. Bf2 Nf6 36. Bg3 {In interests of
his team Alexsander Khalfman decided to repeat moves.} 1/2-1/2

[Event "RUS-ch 56th"]
[Site "Krasnoyarsk"]
[Date "2003.09.11"]
[Round "8"]
[White "Khalifman, Alexander"]
[Black "Shipov, Sergei"]
[Result "1-0"]
[WhiteElo "2678"]
[BlackElo "2589"]
[Annotator "Krasenkow,M"]
[PlyCount "67"]
[EventDate "2003.09.03"]
[EventType "swiss"]
[EventRounds "9"]
[EventCountry "RUS"]
[SourceTitle "CBM 098"]
[Source "ChessBase"]
[SourceDate "2004.02.03"]
[SourceVersion "1"]
[SourceVersionDate "2004.02.03"]
[SourceQuality "1"]

1. d4 {Ftacnik} Nf6 2. c4 g6 3. Nc3 d5 4. Bf4 Bg7 5. e3 O-O 6. Rc1 c5 7. dxc5
Be6 8. Nf3 Nc6 {Quite a rare line nowadays.} 9. Ng5 {The other options are
absolutely harmless for Black:} (9. Qb3 Ne4 10. Be2 (10. Qxb7 Rc8 11. cxd5
Bxc3+ 12. bxc3 Qxd5 13. Qb2 Rfd8 14. Nd4 g5 15. Bg3 Nxc5 16. Nxe6 Qxe6 17. Be2
Ne5 18. Bxe5 Qxe5 19. h4 Qe4 20. O-O Qxh4 $15 {1/2-1/2 Rabrenovic,V-Brezovar,M/
ICCF Email 2000/ICCF tele 9/2002 (54)}) 10... Nxc3 11. bxc3 dxc4 12. Qxb7 Bd5
13. Qa6 Qa5 14. Bxc4 Bxc3+ 15. Ke2 e5 16. e4 Bxe4 17. Qxa5 Bxa5 {1/2-1/2
Borges Mateos,J-Herrera,I/Matanzas 1997/CBM 57 ext (17)}) (9. Nd4 $6 {is quite
poor:} Nxd4 10. exd4 dxc4 11. Be2 (11. Qd2 Rc8 12. Be5 b5 $1 13. cxb6 (13. Nxb5
Ne4) (13. Bxf6 Bxf6 14. Nxb5 Rb8) 13... Qxb6 14. Be2 Rfd8 15. O-O Ne4 $17 {
0-1 Garcia Palermo,C-Sokolov,I/Oakham 1988/TD (27)}) (11. Be5 Bh6 12. Ra1 Ng4
13. Bg3 Bg7 14. d5 Bxc3+ 15. bxc3 Qxd5 16. Be2 Nf6 17. Bf3 Qxc5 18. Bxb7 Rad8
$17 {0-1 Zilber,I-Suetin,A/Minsk 1964/EXT 2003 (33)}) 11... Qd7 (11... Nd5 12.
Nxd5 Bxd5 (12... Qxd5 13. Bf3 Qf5 14. Be3 Bd5 15. Qc2 Bxf3 16. Qxf5 gxf5 17.
gxf3 f4 18. Bxf4 Bxd4 19. Rxc4 Bxb2 20. Ke2 $14 {1-0 Zak,U-Vadasz,L/Bucharest
1993/EXT 97 (33)}) 13. O-O b5 14. cxb6 Qxb6 15. Bxc4 Bxc4 16. Rxc4 Qxb2 17. Qd2
Qxd2 18. Bxd2 Rfd8 $11 {1/2-1/2 Mc Alpine,K-Williams,A/Glasgow 1973/EXT 99 (46)
}) 12. O-O Rad8 13. Be3 Ng4 14. Bf3 Bf5 15. Qa4 Nxe3 16. Qxd7 Rxd7 17. fxe3 Bd3
18. Rfd1 e5 19. d5 f5 20. c6 Rdf7 21. b3 e4 $17 {0-1 Spassov,L-Gufeld,E/
Camaguey 1974/EXT 2000 (56)}) (9. Qa4 $6 Ne4 10. Be2 (10. Nxe4 dxe4 11. Nd2
Bxb2 12. Rc2 Bg7 13. Be2 f5 14. h3 a5 (14... Bd7 $17 {[%cal Ye7e5]}) 15. a3 Ne5
16. Bxe5 Bxe5 17. Qb5 Qc7 18. O-O Ra6 19. Rb1 Rb8 20. c6 Rxc6 21. c5 {1/2-1/2
Visier Segovia,F-Adorjan,A/Las Palmas 1977/EXT 98 (21)}) (10. cxd5 Nxc3 11.
bxc3 Qxd5 12. Be2 Qxc5 $17 {0-1 Sarwinski,M-Jasnikowski,Z/Naleczow 1987/EXT
2001 (80)}) 10... Bxc3+ (10... Nxc5 11. Qb5 Ne4 12. O-O Nxc3 13. bxc3 dxc4 14.
Ng5 Bd7 15. Qxb7 Na5 16. Qc7 e5 $15 {1/2-1/2 Gereben,E-Ribli,Z/Wijk aan Zee
1972/MCD (80)}) (10... Rc8 $143 11. O-O Nxc3 12. bxc3 dxc4 13. Bxc4 Bd7 14.
Rfd1 $36 {1-0 Savon,V-Ujtumen,T/Krakow 1964/EXT 2000 (42)}) 11. bxc3 dxc4 12.
Nd4 (12. O-O Nxc5 13. Qb5 Qa5 14. Bxc4 Qxb5 15. Bxb5 Bxa2 $17 {1/2-1/2 Igney,
V-Riha,A/Seefeld 1998/EXT 2000 (15)}) 12... Bd5 13. Bh6 Re8 14. O-O e5 15. Nf3
Nxc5 16. Qb5 b6 $17 {0-1 Ragozin,V-Botvinnik,M/Leningrad 1940/HCL (40)}) (9. a3
Ne4 10. Nd4 Nxd4 11. exd4 Nxc3 12. bxc3 dxc4 13. Be2 Bd5 14. O-O Qd7 15. Rb1 b6
16. cxb6 axb6 17. Rxb6 Rxa3 18. Qd2 Rb3 19. Rb1 Rc8 20. Bd1 Rxb1 21. Rxb1 Qc6 {
1/2-1/2 Akobian,V-Yermolinsky,A/San Francisco 2002/CBM 92 no vc (21)}) (9. Ne5
Qa5 (9... Nxe5 $5 10. Bxe5 dxc4) 10. Nxc6 bxc6 11. Qa4 Qd8 $6 (11... Qxc5 $11)
12. Be2 dxc4 13. O-O Nd5 14. Rfd1 Qc8 15. Bxc4 Nxc3 16. bxc3 Bxc4 17. Qxc4 $14
{0-1 Andersen,B-Jakobsen,O/Aarhus 1966/MCD (39)}) 9... Bg4 {The main line.} (
9... Qa5 {is also possible:} 10. Be2 {The most accurate move order.} (10. Qa4
Qxa4 11. Nxa4 Bf5 12. Nf3 Rfd8 $44 {1-0 Hvenekilde,J-Moe,M/Vejle 1967/MCL (58)}
) (10. Nxe6 fxe6 11. Be2 (11. Qa4 Qxc5 12. Be2 e5 13. cxd5 exf4 14. dxc6 fxe3
15. Qc4+ Qxc4 16. Bxc4+ Kh8 17. fxe3 bxc6 18. Ke2 Rad8 19. Rcd1 Nd5 20. Nxd5 {
1/2-1/2 Ilivitzki,G-Milev,Z/Sofia 1957/EXT 99 (20)}) (11. Qb3 Qxc5 12. Qb5 Qxb5
13. cxb5 (13. Nxb5 Rac8 14. Be2 a6 15. Nd4 (15. Nc3 $11) 15... Nxd4 16. exd4
dxc4 17. Bxc4 Nd5 $15 {0-1 Farkas,T-Vadasz,L/Bucharest 1993/EXT 97 (34)}) 13...
Nd8 14. Be2 Nf7 15. O-O Rfc8 16. Na4 b6 17. h4 Nd6 18. Rc6 Nfe8 19. Rfc1 Kf7
20. h5 Rxc6 21. hxg6+ hxg6 22. Rxc6 e5 $132 {1/2-1/2 Glyanets,A-Titlianov,Y/
Pavlodar 1991/EXT 97 (39)}) 11... Ne4 12. O-O Nxc3 13. bxc3 Qxc5 14. Qb3 b6 15.
Qb5 Rad8 16. Qxc5 bxc5 17. cxd5 exd5 18. Rfd1 e6 $11 {1-0 Vaitonis,P-Honfi,K/
Munich 1958/MCD (33)}) 10... Rad8 11. Nxe6 fxe6 12. Qa4 (12. O-O $6 d4 13. Nb5
e5 $17 {1-0 Phillips,J-Kuettner,U/The Hague 1961/EXT 2000 (39)}) 12... Qxc5 13.
Qb5 (13. O-O d4 (13... e5 14. cxd5 exf4 15. dxc6 fxe3 16. cxb7 (16. Qc4+ $14)
16... exf2+ 17. Kh1 Qe3 18. Bf3 e5 19. Qc4+ Kh8 20. Nd1 Rxd1 21. Rfxd1 e4 22.
Be2 Nh5 23. b4 Ng3+ {0-1 Dzevlan,M-Eksmyr,J/Sweden 1999/EXT 2000 (23)}) 14.
exd4 Nxd4 15. Rfe1 (15. Be3 a6 $5 $11) 15... Ng4 (15... Nd5 $1 $15) 16. Bg3
Nxf2 17. Bxf2 Rxf2 18. Ne4 Rf1+ $6 19. Kxf1 Rf8+ 20. Bf3 Qh5 21. Rcd1 Be5 22.
Rxd4 Bxd4 23. Nf6+ {1-0 Lopez Martinez,J-Blees,A/Varadero 2000/CBM 76 ext (23)}
) 13... Qxb5 14. cxb5 Nb8 15. O-O Rc8 16. g4 Nfd7 17. Rfd1 Ne5 18. Kg2 Nc4 19.
Bxb8 Nxb2 20. Rd2 Rxc3 21. Rxc3 Bxc3 22. Rc2 Rxb8 23. Rxc3 Nc4 24. Bxc4 Rc8 $11
{1/2-1/2 Markeluk,S-Darcyl,T/Buenos Aires 1990/EXT 97 (31)}) 10. f3 e5 $1 {
The complications started with this move are considered promising for Black.}
11. cxd5 (11. Bg3 $6 {is poor due to} d4 $1 12. fxg4 dxc3 13. Qxd8 Rfxd8 ({or} 
13... Raxd8 14. Rxc3 h6 15. Nf3 Ne4 16. Rb3 Nxc5 17. Rb5 b6 $44 {0-1 Pavlov,
A-Tseitlin,M/St Petersburg 2000/EXT 2001 (59)}) 14. Rxc3 h6 15. Nf3 (15. Nh3
Ne4 16. Rb3 Nxc5 17. Rb5 Bf8 $1 18. Be2 a6 19. Rb6 Na4 $1 20. Rb3 Bb4+ 21. Kf1
Nc5 $19 {0-1 Sokolov,I-Avrukh,B/Bugojno 1999/Inf 77/[Avrukh,B] (31)}) 15... Ne4
16. Rc1 (16. Rb3 $142) 16... Nxc5 (16... Nxg3 17. hxg3 e4 $5) 17. Be2 e4 18.
Nd4 Nxd4 19. exd4 Bxd4 $17 {0-1 Botvinnik,M-Gligoric,S/Tel Aviv 1964/EXT 99 
(78)}) 11... exf4 12. dxc6 Qe7 $1 13. fxg4 (13. e4 Rad8 14. Bd3 bxc6 15. fxg4
Nd7 16. Nxf7 (16. Nh3 Nxc5 17. Nxf4 Be5 18. Nce2 Bxf4 19. Nxf4 Nxd3+ 20. Nxd3
Qxe4+ 21. Qe2 Qd4 $1 $40) 16... Qxf7 17. Qb3 Qxb3 18. axb3 Nxc5 19. Bc4+ Kh8
20. O-O Bd4+ 21. Kh1 Rb8 $15 {1/2-1/2 Dorfman,J-Tukmakov,V/Frunze 1981/URS-ch 
(41)}) (13. Be2 $5 Rad8 14. Qc2 Qxc5 (14... Bc8 $5) 15. Nce4 Qxc2 16. Rxc2 Bf5
17. cxb7 Nd5 18. exf4 Ne3 19. Rc7 Nxg2+ 20. Kf2 Nxf4 21. Rd1 $14 {1-0 Sauberli,
G-Belov,D/IECC 2001/Telechess CBM 87 (41)}) 13... Qxe3+ 14. Be2 (14. Ne2 Rad8
15. Qb3 $4 Qd2+ 16. Kf2 {0-1 Fernandez,J-Schmidt,W/Camaguey 1974/EXT 2000 (16)}
Nxg4+ $19) 14... Nxg4 15. Nh3 $1 $146 {[%mdl 8] This novelty gives White
better chances to successfully parry Black's attack.  Ftacnik: 'Khalifman has
prepared the novelty in a somewhat exotic line of Gruenfeld indian defence.
Black is very active, but he has to find compensation for the whole piece. '} (
15. Rf1 Nxh2 (15... Rad8 $5 16. Qc2 Nxh2) 16. Qd2 Qxd2+ 17. Kxd2 Nxf1+ 18. Rxf1
bxc6 19. Bc4 $13 {_|_1/2-1/2 Sygulski,B-Tomaszewski,R/Gdynia 1985/EXT 2001 (55)
}) 15... Rad8 16. Qc2 Ne5 {Now White step by step parries Black's threats,
keeping an extra piece.} ({The unobvious} 16... Qe7 $1 {[%cal Rg4e3] was
probably better. After} 17. O-O Qxc5+ 18. Kh1 Ne3 {the position remains
unclear.}) (16... f3 {Ftacnik} 17. gxf3 Ne5 18. Kf1 Nxf3 (18... bxc6 19. Nd1
Qh6 20. Nhf2 $18) (18... Rd2 19. Qe4 $18) 19. Bxf3 Qxf3+ 20. Nf2 Qxc6 21. b4
$16) 17. Kf1 {'?' Ftacnik.} (17. c7 $142 {Ftacnik} Nd3+ 18. Kf1 Nxc1 19. cxd8=Q
Rxd8 20. Nd1 Qd2 21. Qxd2 Rxd2 22. Bf3 Nd3 23. Nhf2 $16) 17... Nxc6 {'?'
Ftacnik. Ftacnik: 'Probably a comedy of errors, since in complicated
variations both players have lost their track.'} (17... Rd2 {'!' Ftacnik.} 18.
Qe4 (18. Qb1 $2 {Ftacnik} f3 19. gxf3 Rxe2 20. Nxe2 Qxf3+ 21. Kg1 (21. Nf2 Ng4
$19) 21... Qxe2 $19) 18... Rxe2 {Ftacnik} 19. Qxe3 (19. Qxf4 $2 Nd3 20. Qxe3
Rxe3 21. Rb1 Rfe8 $19) 19... Rxe3 20. cxb7 Nd3 (20... Nc6 21. Nb5 Bxb2 22. Rb1
Be5 23. Nd6 $14) 21. c6 (21. Rd1 Nxb2 22. Rc1 Rxc3 23. Rxc3 Bxc3 24. c6 Be5 25.
Ke2 Bc7 $17) 21... Rfe8 22. Ne2 Rxe2 23. b8=Q Nxc1 24. Qd6 Re1+ 25. Kf2 Rxh1
26. c7 Rhe1 27. Nxf4 $13) 18. Rd1 Nd4 19. Qe4 Nf5 {'?!' Ftacnik.} (19... Ne6 $5
{Ftacnik} 20. Qf3 (20. Qxb7 Bxc3 21. bxc3 Rxd1+ 22. Bxd1 Qxc3 23. g3 fxg3 24.
hxg3 Qxg3 25. Nf2 $14) 20... Bxc3 21. bxc3 Rxd1+ 22. Bxd1 Qd2 $16) 20. Rxd8
Rxd8 21. Qxe3 fxe3 22. g4 Nd4 23. Kg2 {Ftacnik: 'White has managed to
consolidate his forces and his chances in the endgame are very promising.'}
Nxe2 24. Nxe2 Rd2 25. Kf3 Rxb2 26. Ng5 Rxa2 27. Rb1 Rc2 (27... Rb2 {was the
last chance but the endgame should be winning for White anyway.}) 28. Rxb7 Be5
29. h3 (29. Nxf7 Bxh2 30. Nh6+ Kh8 31. Nd4 Rxc5 32. Ne6 Rc8 33. Rg7 $1 {
[%cal Rh6f7] was a nicer way to end the game.}) 29... h5 30. Nxf7 hxg4+ 31.
hxg4 Bg7 32. Ng5 Be5 33. Rxa7 Rxc5 34. Ra8+ 1-0

[Event "EU-Cup 19th"]
[Site "Rethymno"]
[Date "2003.09.28"]
[Round "1.1"]
[White "Khalifman, Alexander"]
[Black "Solozhenkin, Evgeniy"]
[Result "1-0"]
[WhiteElo "2678"]
[BlackElo "2523"]
[Annotator "Lukacs,P"]
[PlyCount "49"]
[EventDate "2003.09.28"]
[EventType "team-swiss"]
[EventRounds "7"]
[EventCountry "GRE"]
[SourceTitle "CBM 098"]
[Source "ChessBase"]
[SourceDate "2004.02.03"]
[SourceVersion "1"]
[SourceVersionDate "2004.02.03"]
[SourceQuality "1"]
[WhiteTeam "Tomsk 400"]
[BlackTeam "Jyvaskyla JyS"]
[WhiteTeamCountry "RUS"]
[BlackTeamCountry "FIN"]

1. e4 c6 2. d4 d5 3. Nc3 dxe4 4. Nxe4 Bf5 5. Ng3 Bg6 6. h4 h6 7. Nf3 e6 8. Ne5
Bh7 9. Bd3 Bxd3 10. Qxd3 Nf6 11. Bd2 Be7 12. O-O-O O-O 13. f4 c5 14. dxc5 Qc7 (
14... Bxc5 15. Ne4 Be7 (15... Qxd3 {Tiviakov} 16. Nxf6+ gxf6 17. Nxd3 $16 {
/\ f5 with a better P structure in the _|_.}) 16. Nxf6+ (16. Qf3 $5 $14) 16...
Bxf6 17. Qe2 $5 $14 {/\ g4-g5} (17. Qg3 {White's best plan is usually g4-g5.}
Qb6 18. Bc3 Qb5 19. f5 $5 $13 {Tiviakov-Ernst, Hoogeveen 2000 CBM 78 ext} (19.
Rd6 Na6 $13 {/\ Nc5}))) 15. Bc3 {White has big successes with this move these
days.} (15. Ne4 Rd8 16. Nxf6+ Bxf6 17. Qg3 (17. Qf3 Nd7 18. Nxd7 Rxd7 19. g4
Rad8 {White has no advantage in the [+], so the P march on the >> is not so
dangerous.} 20. Be3 Rxd1+ 21. Rxd1 Rxd1+ 22. Qxd1 Bxh4 23. Qd6 Qc6 $11 {
Hracek-Svetushkin, Herceg Novi 2001}) 17... Nd7 18. Ng4 h5 19. Nxf6+ Nxf6 {
Epishin defends this position from Black's point's of view.} 20. Bc3 (20. Be3
Rd5 21. Rxd5 Nxd5 22. Qf3 Rc8 23. Rd1 b6 24. c4 Nxe3 25. Qxe3 bxc5 {and the
_|_ is completely equal.} 26. g3 g6 27. Qd2 $11 {Drazic-Epishin, Bratto 2001})
20... Ng4 21. Bd4 (21. b4 {pushes even too hard:} b6 22. Qf3 bxc5 23. b5 c4 24.
Rxd8+ Rxd8 $15 {Godena-Epishin, Saint Vincent 2001}) 21... Rd5 22. Rd3 Rc8 23.
Rhd1 b6 24. b4 {White has an extra P, but his << is rather vulnerable.} Qb7 25.
Qe1 a5 26. a3 axb4 27. axb4 Qc7 28. g3 bxc5 29. Bxc5 Nf6 30. Qe2 Qc6 $44 {
Campora-Epishin, Sevilla 2000}) (15. Rhe1 $5 {deserves attention yet.} Nc6 (
15... Nbd7 16. c6 $14 {wants to ruin Black's P formation on the <<.}) 16. Nxc6
Qxc6 17. f5 Rad8 18. Qb3 (18. Qe2 Qa4) 18... Rd5 $1 19. fxe6 fxe6 {
(David-Mittelman, Antwerp 1999)} 20. Qe3 $1 {Mittelman}) 15... Nd5 $2 {Now
White suddenly gets an irresistable -> on the >>.} (15... Bxc5 16. Ne4 Nd5 17.
Nxc5 Qxc5 18. Bd4 Qa5 19. a3 Nc6 20. Nxc6 bxc6 21. f5 $14 {and White's chances
are preferable because of his strong B in the _|_, but also in the middlegame,
Roehrich-Svetushkin, FIDE.com 2001.}) (15... Rd8 16. Qf3 Nc6 17. Nxc6 Qxc6 18.
Qxc6 bxc6 19. Bxf6 Bxf6 20. Ne4 $16 {and the _|_ clearly favours White because
of his chances on the <<, Zahn-Kachiani, Bad Woerishofen 1999.}) (15... Nc6
$142 16. Qf3 Bxc5 {is probably the best way for Black.} (16... Nxe5 $2 17. fxe5
$1 Nd5 18. Nf5 $1 Nxc3 (18... Bxc5 19. Rxd5 $1) 19. Nxe7+ Qxe7 20. Qxc3 $16 {
Mittelman}) 17. Rd3 (17. Ng4 Nxg4 18. Qxg4 f5 $11) (17. Nxc6 Qxc6 18. Qxc6 bxc6
$11) 17... Nb4 18. Bxb4 Bxb4 19. Kb1 Rac8 20. c3 Bd6 21. Re1 Rfd8 22. Ng4 Nxg4
23. Qxg4 Bf8 $11 {Baklan-Mittelman, Antwerp 1999}) 16. Nh5 $1 Bxc5 17. Rh3 $1 {
/\ Rg3 and all the white pieces join the ->, while Black's pieces are far away
from the >>.} Rc8 18. Rg3 Bf8 19. Qe4 (19. Bb4 $6 {leads nowhere after} Nc6 20.
Nxc6 Qxc6 $13) ({but} 19. Ng4 $1 {looks even more devastating.} Kh8 20. Be5 $18
) 19... Qe7 20. Rxd5 $1 $18 {This is the clear-cut solution. White eliminate's
Black's only strong defender.} (20. Bb4 Nxb4 21. Qxb4 Qc7 22. Qe4 $16) 20...
exd5 21. Qf5 (21. Qxd5 Rxc3 (21... Rd8 22. Qb3) 22. bxc3 $18) 21... Rxc3 22.
Nf6+ ({The simple} 22. bxc3 $18 {was also winning.}) 22... Qxf6 23. Qxf6 Rxg3
24. Qxf7+ Kh7 25. Qxf8 1-0